MARC details
| 000 -CABECERA |
| campo de control de longitud fija |
01792cam a2200373 a 4500 |
| 001 - NÚMERO DE CONTROL |
| campo de control |
990106077780107026 |
| 003 - IDENTIFICADOR DEL NÚMERO DE CONTROL |
| campo de control |
UkOxU |
| 005 - FECHA Y HORA DE LA ÚLTIMA TRANSACCIÓN |
| campo de control |
20251013170815.0 |
| 008 - DATOS DE LONGITUD FIJA--INFORMACIÓN GENERAL |
| campo de control de longitud fija |
920803s1984 ilu b 001 0 eng d |
| 010 ## - NÚMERO DE CONTROL DE LA BIBLIOTECA DEL CONGRESO |
| Número de control de LC |
LC 83-18249 |
| 020 ## - NÚMERO INTERNACIONAL ESTÁNDAR DEL LIBRO |
| Número Internacional Estándar del Libro |
9780226405971 |
| 035 ## - NÚMERO DE CONTROL DEL SISTEMA |
| Número de control de sistema |
(UkOxU)010607778 |
| 035 ## - NÚMERO DE CONTROL DEL SISTEMA |
| Número de control de sistema |
(UkOxU)010607778BIB01 |
| 035 ## - NÚMERO DE CONTROL DEL SISTEMA |
| Número de control de sistema |
CURL 05LC83018249(Lon) from pdc357 |
| 035 ## - NÚMERO DE CONTROL DEL SISTEMA |
| Número de control de sistema |
(OCoLC)9970115 |
| 040 ## - FUENTE DE LA CATALOGACIÓN |
| Centro/agencia transcriptor |
tbs |
| 041 1# - CÓDIGO DE LENGUA |
| Código de lengua del texto/banda sonora o título independiente |
eng |
| 041 1# - CÓDIGO DE LENGUA |
| Código de lengua original |
ger |
| 050 #0 - SIGNATURA TOPOGRÁFICA DE LA BIBLIOTECA DEL CONGRESO |
| Número de clasificación |
BJ1453 |
| Número de documento/Ítem |
.J6613 1984 |
| 100 ## - ENTRADA PRINCIPAL--NOMBRE DE PERSONA |
| Nombre de persona |
Jonas, Hans |
| Fechas asociadas al nombre |
1903-1993 |
| 9 (RLIN) |
26151 |
| Término indicativo de función/relación |
author |
| 240 10 - TÍTULO UNIFORME |
| Título uniforme |
Prinzip Verantwortung. |
| Lenguaje de la obra |
English |
| 245 14 - MENCIÓN DE TÍTULO |
| Título |
The imperative of responsibility |
| Resto del título |
: in search of an ethics for the technological age |
| Mención de responsabilidad, etc. |
/ Hans Jonas ; translated by Hans Jonas, with the collaboration of David Herr. |
| 260 ## - PUBLICACIÓN, DISTRIBUCIÓN, ETC. |
| Lugar de publicación, distribución, etc. |
Chicago : |
| Nombre del editor, distribuidor, etc. |
University of Chicago Press, |
| Fecha de publicación, distribución, etc. |
1984. |
| 300 ## - DESCRIPCIÓN FÍSICA |
| Extensión |
xii, 255 pages ; |
| Dimensiones |
24 cm. |
| 500 ## - NOTA GENERAL |
| Nota general |
Translation of: Das Prinzip Verantwortung. |
| 504 ## - NOTA DE BIBLIOGRAFÍA, ETC. |
| Nota de bibliografía, etc. |
Bibliography: p. [233]-246. |
| 504 ## - NOTA DE BIBLIOGRAFÍA, ETC. |
| Nota de bibliografía, etc. |
Includes bibliographical references. |
| 520 ## - SUMARIO, ETC. |
| Sumario, etc. |
Hans Jonas here rethinks the foundations of ethics in light of the awesome transformations wrought by modern technology: the threat of nuclear war, ecological ravage, genetic engineering, and the like. Though informed by a deep reverence for human life, Jonas’s ethics is grounded not in religion but in metaphysics, in a secular doctrine that makes explicit man’s duties toward himself, his posterity, and the environment. Jonas offers an assessment of practical goals under present circumstances, ending with a critique of modern utopianism. |
| 650 #0 - PUNTO DE ACCESO ADICIONAL DE MATERIA--TÉRMINO DE MATERIA |
| Término de materia o nombre geográfico como elemento de entrada |
Ethics |
| 9 (RLIN) |
947 |
| 650 #0 - PUNTO DE ACCESO ADICIONAL DE MATERIA--TÉRMINO DE MATERIA |
| Término de materia o nombre geográfico como elemento de entrada |
Responsibility |
| 9 (RLIN) |
26152 |
| 650 #0 - PUNTO DE ACCESO ADICIONAL DE MATERIA--TÉRMINO DE MATERIA |
| Término de materia o nombre geográfico como elemento de entrada |
Technology |
| Subdivisión general |
Moral and ethical aspects |
| 9 (RLIN) |
25770 |
| 700 ## - ENTRADA AGREGADA--NOMBRE PERSONAL |
| Nombre de persona |
Herr, David |
| 9 (RLIN) |
26153 |
| Término indicativo de función/relación |
translator |
| 942 ## - ELEMENTOS DE ENTRADA AGREGADA (KOHA) |
| Fuente del sistema de clasificación o colocación |
Clasificación de Library of Congress |